[Event "AUTO-OPEN-3342"]
[Site "http://www.queenalice.com/game.php?id=1350310"]
[Date "2015.3.27"]
[Round "2"]
[White "poetadosnumeros"]
[Black "Constante"]
[Result "0-1"]
[WhiteElo "2254"]
[BlackElo "2101"]

1. d4 Nf6 2. c4 e6 3. Nc3 Bb4 4. Bg5 h6 5. Bh4 c5 6. d5 Bxc3+ 7. bxc3 d6 8. e3
Qe7 9. Nf3 e5 10. Nd2 g5 11. Bg3 Bf5 12. Qb3 O-O 13. Be2 b6 14. Qd1 e4 15. O-O
Nbd7 16. f3 Kg7 17. fxe4 Bxe4 18. Rf2 Bg6 19. Qe1 Rad8 20. Rc1 Ne5 21. Bxe5 Qxe5
0-1

[Event "AUTO-OPEN-3342"]
[Site "http://www.queenalice.com/game.php?id=1350311"]
[Date "2015.3.27"]
[Round "2"]
[White "Constante"]
[Black "poetadosnumeros"]
[Result "0-1"]
[WhiteElo "2048"]
[BlackElo "2242"]

1. e4 e5 2. Nf3 Nc6 3. Bc4 Bc5 4. c3 Qe7 5. O-O d6 6. b4 Bb6 7. a4 a6 8. d3 Nf6
9. Be3 O-O 10. Bxb6 cxb6 11. Nbd2 Rd8 12. Re1 Be6 13. Qb3 Bxc4 14. Qxc4 Rac8 15.
Qb3 d5 16. Qc2 Nxb4 17. Qb3 Nxd3 18. Re3 dxe4 19. Nxe4 Nxe4 20. Rxe4 Nc5 0-1

[Event "AUTO-OPEN-3342"]
[Site "http://www.queenalice.com/game.php?id=1350312"]
[Date "2015.3.27"]
[Round "2"]
[White "poetadosnumeros"]
[Black "Huevo"]
[Result "1-0"]
[WhiteElo "2301"]
[BlackElo "1766"]

1. e4 e5 2. Nf3 Nc6 3. Bb5 a6 4. Ba4 Nf6 5. Nc3 b5 6. Bb3 d6 7. Ng5 Be6 8. Nxe6
fxe6 9. Bxe6 Nd4 10. Bh3 Be7 11. d3 O-O 12. Ne2 Qe8 13. Nxd4 exd4 14. Be6+ Kh8
15. O-O Qh5 16. Qxh5 1-0

[Event "AUTO-OPEN-3342"]
[Site "http://www.queenalice.com/game.php?id=1350313"]
[Date "2015.3.27"]
[Round "2"]
[White "Huevo"]
[Black "poetadosnumeros"]
[Result "0-1"]
[WhiteElo "1764"]
[BlackElo "2302"]

1. Nf3 d5 2. c4 c6 3. e3 Nf6 4. d4 Bf5 5. Nc3 e6 6. c5 b6 7. b4 Be7 8. Be2 a5 9.
Ba3 axb4 10. Bxb4 Nbd7 11. Na4 bxc5 12. Nxc5 Nxc5 13. dxc5 Bxc5 14. Bxc5 Qa5+
15. Qd2 Qxc5 16. O-O Ne4 17. Qc1 Nc3 18. Bd1 O-O 0-1

[Event "AUTO-MASTER-2317"]
[Site "http://www.queenalice.com/game.php?id=1367227"]
[Date "2015.6.23"]
[Round "1"]
[White "poetadosnumeros"]
[Black "LeandroReis"]
[Result "0-1"]
[WhiteElo "2244"]
[BlackElo "2211"]

1. d4 Nf6 2. c4 e6 3. Nc3 c5 4. d5 exd5 5. cxd5 d6 6. e4 a6 7. a4 g6 8. Nf3 Bg7
9. Be2 Bg4 10. O-O O-O 11. Nd2 Bxe2 12. Qxe2 Nbd7 13. Nc4 Qe7 14. Bf4 Ne8 15.
Rfe1 Ne5 16. Nxe5 Bxe5 17. Qe3 Nf6 0-1

[Event "AUTO-MASTER-2317"]
[Site "http://www.queenalice.com/game.php?id=1367228"]
[Date "2015.6.23"]
[Round "1"]
[White "LeandroReis"]
[Black "poetadosnumeros"]
[Result "1-0"]
[WhiteElo "2224"]
[BlackElo "2231"]

1. d4 d5 2. c4 e6 3. Nc3 Nf6 4. cxd5 exd5 5. Bg5 Be7 6. e3 O-O 7. Bd3 Nbd7 8.
Nge2 Re8 9. O-O Nf8 10. Qc2 c6 11. f3 Nh5 12. Bxe7 Qxe7 13. e4 Be6 14. e5 g6 15.
f4 Ng7 16. Ng3 c5 17. f5 gxf5 18. Nb5 1-0

[Event "AUTO-MASTER-2317"]
[Site "http://www.queenalice.com/game.php?id=1367229"]
[Date "2015.6.23"]
[Round "1"]
[White "poetadosnumeros"]
[Black "dadge"]
[Result "1-0"]
[WhiteElo "2248"]
[BlackElo "2058"]

1. d4 d5 2. c4 e6 3. Nc3 Nf6 4. Bg5 Be7 5. e3 c6 6. Nf3 Nbd7 7. Bd3 h6 8. Bh4 g5
9. Bg3 Nh5 10. Be5 Nxe5 11. Nxe5 Ng7 12. O-O Bf6 13. Qf3 O-O 14. Ng4 Nf5 15.
Nxf6+ Qxf6 16. g4 dxc4 17. Bxc4 Kg7 18. gxf5 exf5 19. Ne2 Be6 20. Rfc1 Rad8 21.
Ng3 Kh7 22. Bd3 Rd5 23. a4 Rg8 24. Be4 Rd6 25. Nxf5 1-0

[Event "AUTO-MASTER-2317"]
[Site "http://www.queenalice.com/game.php?id=1367230"]
[Date "2015.6.23"]
[Round "1"]
[White "dadge"]
[Black "poetadosnumeros"]
[Result "0-1"]
[WhiteElo "2064"]
[BlackElo "2237"]

1. e4 e5 2. Nf3 Nc6 3. Bb5 a6 4. Ba4 Nf6 5. O-O Be7 6. Re1 b5 7. Bb3 O-O 8. c3
d6 9. d4 Bg4 10. Qd3 Bxf3 11. Qxf3 exd4 12. cxd4 Nxd4 13. Qc3 Nxb3 14. Qxb3 Re8
15. Nc3 c6 16. Bg5 h6 17. Bh4 Nh5 18. Bxe7 Qxe7 19. Qc2 Nf4 20. f3 Qg5 21. Rad1
Re6 22. Qf2 Nh3+ 0-1

[Event "AUTO-MASTER-2317"]
[Site "http://www.queenalice.com/game.php?id=1367231"]
[Date "2015.6.23"]
[Round "1"]
[White "poetadosnumeros"]
[Black "Takeda"]
[Result "0-1"]
[WhiteElo "2181"]
[BlackElo "2037"]

1. d4 d5 2. c4 c6 3. Nc3 Bf5 4. Qb3 b6 5. cxd5 Nf6 6. dxc6 Nxc6 7. d5 Na5 8.
Qa4+ Qd7 9. Qxd7+ Nxd7 10. e4 Bg6 11. Nf3 e6 12. Bb5 a6 13. Bxd7+ Kxd7 14. Ne5+
Ke7 15. Be3 b5 16. Rd1 Kd6 17. Bf4 Kc5 18. Nd7+ Kc4 19. dxe6 Ra7 20. Ne5+ Kb4
0-1

[Event "AUTO-MASTER-2317"]
[Site "http://www.queenalice.com/game.php?id=1367232"]
[Date "2015.6.23"]
[Round "1"]
[White "Takeda"]
[Black "poetadosnumeros"]
[Result "1-0"]
[WhiteElo "2071"]
[BlackElo "2165"]

1. e4 e5 2. Nf3 Nc6 3. d4 exd4 4. Nxd4 Bc5 5. Nxc6 Qf6 6. Qf3 Qxf3 7. gxf3 bxc6
8. Be3 Bxe3 9. fxe3 Rb8 10. b3 Nf6 11. Nd2 O-O 12. Bc4 d5 13. exd5 cxd5 14. Bd3
Re8 15. Kf2 Bh3 16. c4 Rbd8 17. c5 d4 18. e4 Nh5 19. Bf1 Bxf1 20. Rhxf1 Nf4 21.
b4 1-0

[Event "Challenge"]
[Site "http://www.queenalice.com/game.php?id=1378042"]
[Date "2015.8.17"]
[Round "-"]
[White "poetadosnumeros"]
[Black "tucot"]
[Result "0-1"]
[WhiteElo "2219"]
[BlackElo "2348"]

1. d4 Nf6 2. c4 g6 3. Nc3 Bg7 4. e4 d6 5. f4 O-O 6. Nf3 Na6 7. Be2 e5 8. fxe5
dxe5 9. d5 Nc5 10. Bg5 a5 0-1

[Event "AUTO-OPEN-3546"]
[Site "http://www.queenalice.com/game.php?id=1385535"]
[Date "2015.9.26"]
[Round "1"]
[White "CCapivara"]
[Black "poetadosnumeros"]
[Result "1-0"]
[WhiteElo "2216"]
[BlackElo "2100"]

1. e4 e5 2. Nf3 Nc6 3. Bb5 a6 4. Ba4 Nf6 5. d3 d6 6. O-O b5 7. Bb3 Na5 8. c3
Nxb3 9. Qxb3 Be7 10. a4 Bd7 11. axb5 axb5 12. Rxa8 Qxa8 13. Na3 c6 14. Re1 1-0

[Event "AUTO-OPEN-3546"]
[Site "http://www.queenalice.com/game.php?id=1385536"]
[Date "2015.9.26"]
[Round "1"]
[White "poetadosnumeros"]
[Black "CCapivara"]
[Result "0-1"]
[WhiteElo "2109"]
[BlackElo "2207"]

1. d4 d6 2. c4 Nf6 3. Nc3 c6 4. Nf3 Bg4 5. e4 Nbd7 6. Be2 e5 7. Be3 Be7 8. O-O
O-O 9. d5 cxd5 10. cxd5 a6 11. Rc1 Rc8 12. Nd2 Bxe2 13. Qxe2 b5 14. f4 Re8 0-1

[Event "AUTO-OPEN-3546"]
[Site "http://www.queenalice.com/game.php?id=1385549"]
[Date "2015.9.26"]
[Round "1"]
[White "rubenov"]
[Black "poetadosnumeros"]
[Result "1-0"]
[WhiteElo "1994"]
[BlackElo "2125"]

1. d4 d5 2. Bg5 h6 3. Bh4 c6 4. Nf3 e6 5. Bxd8 Kxd8 6. Ne5 Ke8 7. e3 Nd7 8. Nxd7
Bxd7 9. Bd3 Nf6 10. O-O c5 11. c3 Rc8 12. Nd2 Kd8 13. dxc5 Bxc5 14. Nf3 Bd6 15.
h3 e5 16. Bc2 Kc7 17. Bb3 1-0

[Event "AUTO-OPEN-3546"]
[Site "http://www.queenalice.com/game.php?id=1385550"]
[Date "2015.9.26"]
[Round "1"]
[White "poetadosnumeros"]
[Black "rubenov"]
[Result "1-0"]
[WhiteElo "2151"]
[BlackElo "2036"]

1. d4 d5 2. c4 dxc4 3. Nf3 Nd7 4. e3 Nb6 5. Nbd2 c3 6. bxc3 Bg4 7. Bd3 e6 8. O-O
Nf6 9. Qc2 Bh5 10. e4 Be7 11. a4 a5 12. c4 Bg6 13. Rb1 Qc8 14. c5 Nbd7 15. c6
Nb6 16. cxb7 Qxb7 17. Bb5+ 1-0

[Event "AUTO-MASTER-2366"]
[Site "http://www.queenalice.com/game.php?id=1385659"]
[Date "2015.9.26"]
[Round "1"]
[White "favos"]
[Black "poetadosnumeros"]
[Result "1-0"]
[WhiteElo "2025"]
[BlackElo "2055"]

1. d4 d5 2. c4 c6 3. Nf3 Nf6 4. Nc3 dxc4 5. e3 b5 6. b3 Qa5 7. Bd2 b4 8. Na4 c3
9. Bc1 e6 10. Bc4 Bd6 11. O-O 1-0

[Event "AUTO-MASTER-2366"]
[Site "http://www.queenalice.com/game.php?id=1385660"]
[Date "2015.9.26"]
[Round "1"]
[White "poetadosnumeros"]
[Black "AntonioMelo"]
[Result "0-1"]
[WhiteElo "2149"]
[BlackElo "2188"]

1. d4 d6 2. Nf3 Nf6 3. c4 g6 4. Nc3 Bg7 5. e4 O-O 6. Be2 Nc6 7. O-O Bg4 8. Be3
a6 9. d5 Bxf3 10. Bxf3 Ne5 11. Be2 Qd7 12. c5 Neg4 13. Bf4 h5 14. f3 Nh6 15. Qd2
Kh7 0-1

[Event "AUTO-MASTER-2366"]
[Site "http://www.queenalice.com/game.php?id=1385661"]
[Date "2015.9.26"]
[Round "1"]
[White "AntonioMelo"]
[Black "poetadosnumeros"]
[Result "1-0"]
[WhiteElo "2188"]
[BlackElo "2160"]

1. f4 d5 2. Nf3 Nf6 3. e3 Bg4 4. Be2 Bxf3 5. Bxf3 Nbd7 6. O-O e5 7. fxe5 Nxe5 8.
d4 Nxf3+ 9. Qxf3 Qd7 10. Nc3 O-O-O 11. Bd2 Qe6 12. Rae1 Re8 13. Re2 c6 14. a3
Bd6 15. Qf5 1-0